000 nam a22 7a 4500
999 _c390026
_d390026
003 BLK
005 20210915151003.0
008 201014b bu ||||| |||| 00| 0 bu d
040 _aBLK
041 _aBUL
_cBUL
080 _aЦивилизация. Култура. Прогрес. История на културата вж 930.85
_b008
_z008
100 _91299
_aКолб, Георг Фридрих
_eпърви автор
245 _aИстория на човешката култура
_bС очерк на формите на държ. управл., политиката, развитието на свободата и благосътоянието на народите : [Ч.] 1 - 2
_cГ. Фр. Колб ; Прев. от рус. А. П. Николаев, Д. Велков
_nЧ. 1
260 _9435202
_aВарна
_bМ. М. Тимофеев
_c1896
300 _a670, IV с.
_c23 см
380 _a0
490 _9435080
_aКолекция Редки и ценни издания
490 _9204496
_aБиблиотека за самообразование
650 0 _9250724
_aЦивилизация - история
700 _9966
_aНиколаев, А. Петров
_eпрев.
700 _9435206
_aВелков, Димитър Тодоров
_eпрев.
760 _h670, IV с.
_oЧ. 1
852 _aРб 896
_bРц
942 _cKNG
_n0
_s1
999 _d390026
999 _d390026
999 _d390026